El posicionament i la incidència internacionals de les ciutats intermèdies /

por Belil, Mireia

ISBN: 9788410278387
Publicado: Barcelona : Diputació de Barcelona , 2025
Descripción Física: 141 pàgines ; 24 cm
Descripción: "Les ciutats intermèdies fan un paper fonamental en la qualitat de vida, la innovació i el desenvolupament de les comunitats locals, però sovint s'enfronten a reptes per fer sentir la seva veu en l'escena global. L'estudi que teniu entre les mans analitza com aquestes ciutats pod...
Idioma: Catalán

MARC

LEADER 00000nam a22000007a 4500
001 29272
003 AGDB
005 20260324181545.0
008 260123b spa||||| |||| 00| 0 cat d
017 |a B 3292-2025 
020 |a 9788410278387 
040 |a agdb  |b cat 
100 |a Belil, Mireia   |9 27205 
130 |a El posicionament i la incidència internacionals de les ciutats intermèdies  |9 72761 
245 |a El posicionament i la incidència internacionals de les ciutats intermèdies /  |c Mireia Belil 
250 |a 1a edició :   |b maig de 2025 
260 |a Barcelona :   |b Diputació de Barcelona,  |c 2025 
300 |a 141 pàgines ;   |c 24 cm 
490 |a Col·lecció Estudis. Sèrie Administració Local ;  |v 7 
500 |a Ciutats estudiades: Aalborg, Berkeley, Brighton and Hove, Fort Lauderdale, Grenoble, Jena, Maastricht, Saint-Gilles, Trento, Viareggio, Wageningen, Wolfsburg. 
504 |a Bibliogafia: pàgines 69-71. 
520 |a "Les ciutats intermèdies fan un paper fonamental en la qualitat de vida, la innovació i el desenvolupament de les comunitats locals, però sovint s'enfronten a reptes per fer sentir la seva veu en l'escena global. L'estudi que teniu entre les mans analitza com aquestes ciutats poden superar les limitacions quant a recursos, coneixements o influència per projectar-se i posicionar-se en l'àmbit internacional. Mitjançant entrevistes amb representants locals de dotze ciutats intermèdies d'arreu del món, aquest estudi ofereix exemples inspiradors, tendències i bones pràctiques que poden servir de guia per als municipis de la província de Barcelona. Així mateix, fa palès que factors com la capitalitat, l'excel·lència en sectors clau, el patrimoni cultural o la innovació poden esdevenir pilars de posicionament global i impacte internacional d'aquestes ciutats. Esperem que aquest estudi, que inclou recomanacions pràctiques i eines per fomentar la col·laboració, optimitzar recursos i comunicar l'acció internacional, sigui una eina clau per als governs locals que volen inserir-se amb èxit en un món cada cop més interconnectat. Descobreix com les ciutats intermèdies poden liderar el canvi global des de l'àmbit local." -- Contracoberta 
650 0 |a Urbanisme  |x Estudi de casos  |9 72340 
650 0 |a Desenvolupament urbà   |9 32328 
650 0 |a Administració local  |x Relacions internacionals  |9 72968 
710 1 |a Barcelona (Catalunya : Província).  |b Diputació  |9 52408  |e entitat editora 
856 4 0 |u https://llibreria.diba.cat/cat/llibre/el-posicionament-i-la-incidencia-internacionals-de-les-ciutats-intermedies_71729  |y Accés lliure (Llibreria de la Diputació de Barcelona) 
942 |2 udc  |c ARXIU  |n 1 
952 |0 0  |1 0  |2 udc  |4 0  |6 BIB1411  |7 1  |9 99004  |a Arxiu  |b Arxiu  |d 2026-01-23  |l 0  |o Bib-1411  |p 29272  |r 2026-01-23 11:46:47  |w 2026-01-23  |y ARXIU 
999 |c 130670  |d 130670